[Event "Championnat de France 2022"]
[Site "ALBI, France"]
[Date "2022.08.13"]
[Round "1.1"]
[White "Andrieu, Philippe"]
[Black "Prie, Eric"]
[Result "1-0"]
[WhiteElo "1686"]
[BlackElo "2377"]
[PlyCount "96"]
[EventDate "2022.??.??"]

1. Nf3 {3} d5 {30} 2. c4 {16} d4 {14} 3. b4 {18} f6 {9} 4. Bb2 {267} e5 {190}
5. a3 {342} a5 {348} 6. b5 {284} c5 {830} 7. bxc6 {535} Nxc6 {23} 8. d3 {234}
f5 {51} 9. Nbd2 {323} Nf6 {363} 10. Qc2 {160} a4 {77} 11. g3 {190} Bc5 {301}
12. Bg2 {86} O-O {120} 13. O-O {112} Qe7 {394} 14. Kh1 {256} Bd7 {456} 15. h3 {
513} h6 {1076} 16. Rfe1 {493} f4 {666} 17. Nh4 {671} Qe8 {256} 18. Ne4 {87}
Nxe4 {74} 19. dxe4 {286} Be6 {48} 20. g4 {214} Na5 {36} 21. e3 {95} dxe3 {250}
22. fxe3 {110} Nxc4 {234} 23. Nf5 {119} fxe3 {91} 24. Bxe5 {199} Rf7 {7} 25.
Bf4 {139} Rc8 {36} 26. Qe2 {53} b5 {48} 27. Bxe3 {73} Bxf5 {47} 28. Bxc5 {29}
Bxg4 {7} 29. Qxg4 {80} Ne5 {39} 30. Qe2 {41} Rxc5 {7} 31. Rab1 {73} Kh7 {31}
32. Rf1 {47} Nc4 {55} 33. Rxf7 {37} Qxf7 {5} 34. Rf1 {26} Qe7 {6} 35. Qd3 {115}
Re5 {16} 36. Re1 {54} Qxa3 {15} 37. Qd7 {59} Qe7 {108} 38. Qd3 {33} Qd6 {71}
39. Qb1 {55} b4 {49} 40. Rd1 {30} Qe7 {36} 41. Rd3 {361} b3 {32} 42. Rc3 {122}
Qb4 {89} 43. Rg3 {205} b2 {20} 44. Kh2 {310} Nd2 {500} 45. Qd3 {163} b1=Q {56}
46. Qd7 {36} Qe7 {127} 47. Qxd2 {42} Qb8 {48} 48. Qf4 {85} a3 {64} 1-0

[Event "Championnat de France 2022"]
[Site "ALBI, France"]
[Date "2022.08.13"]
[Round "1.2"]
[White "Goldenberg, Richard"]
[Black "Duvallon, Christophe"]
[Result "1-0"]
[WhiteElo "2195"]
[BlackElo "1684"]
[PlyCount "47"]
[EventDate "2022.??.??"]

1. Nf3 {61} e6 {39} 2. g3 {100} d5 {37} 3. Bg2 {2} g6 {95} 4. d4 {263} Bg7 {12}
5. Bg5 {81} Ne7 {153} 6. h4 {146} h5 {280} 7. O-O O-O {128} 8. c4 {122} c6 {127
} 9. Nbd2 {200} Nd7 {205} 10. e4 {122} Re8 {727} 11. Re1 {190} Qb6 {182} 12.
cxd5 {800} cxd5 {212} 13. exd5 {101} Nxd5 {79} 14. Nc4 {48} Qa6 {328} 15. Bf1 {
800} b5 {678} 16. Na3 {16} Rb8 {33} 17. Nxb5 {152} Rxb5 {36} 18. a4 {2} Qb6 {
182} 19. axb5 {199} f6 {30} 20. Bd2 {92} e5 {113} 21. Bc4 {123} Bb7 {21} 22.
Qb3 {45} Qe6 {79} 23. Rxa7 {117} Rb8 {50} 24. Rxb7 {35} 1-0

[Event "Championnat de France 2022"]
[Site "ALBI, France"]
[Date "2022.08.13"]
[Round "1.3"]
[White "Costa, Jean-Yves"]
[Black "Vial, Patrick"]
[Result "0-1"]
[WhiteElo "1672"]
[BlackElo "2110"]
[PlyCount "83"]
[EventDate "2022.??.??"]

1. c4 {23} e5 {11} 2. Nc3 {7} f5 {13} 3. e4 {10} d6 {321} 4. Nf3 {240} Nf6 {21}
5. d3 Be7 {74} 6. Be2 O-O {215} 7. O-O {356} Nc6 8. a3 {310} Nd4 {841} 9. b4
fxe4 {1620} 10. dxe4 Nxe2+ {297} 11. Nxe2 Bg4 {404} 12. Ne1 Nh5 {340} 13. f3 {
265} Be6 {14} 14. Qd3 {153} Bg5 {58} 15. Nc2 {284} Bxc1 {306} 16. Raxc1 {32}
Qg5 {29} 17. Qe3 {322} Nf4 {653} 18. Nxf4 {90} exf4 {16} 19. Qe2 {140} Rf6 {513
} 20. Nd4 {418} Bh3 {9} 21. Kh1 {117} Bd7 {12} 22. Qf2 {177} Rh6 {21} 23. Qg1 {
108} a5 {39} 24. b5 {372} Rf8 {7} 25. Ne2 {325} Rff6 {62} 26. Qd4 {81} Qh4 {187
} 27. Qg1 {200} Rfg6 {58} 28. c5 {542} Bxb5 {369} 29. cxd6 {15} Rxd6 {13} 30.
Rxc7 {35} Bxe2 {35} 31. Rfc1 {42} Ba6 {123} 32. Rc8+ {21} Rd8 {13} 33. R8c7 {46
} Qf6 {195} 34. h3 {25} Qe6 {171} 35. Qc5 {22} Be2 {615} 36. Qc3 {43} Rxh3+ {98
} 37. Kg1 {11} Rg3 {33} 38. Qxa5 {32} b6 {131} 39. Qa7 {49} Bxf3 {31} 40. Qb7 {
33} Rxg2+ {16} 41. Kf1 {5} Qh3 {13} 42. Rc8 {90} 0-1

[Event "Championnat de France 2022"]
[Site "ALBI, France"]
[Date "2022.08.13"]
[Round "1.4"]
[White "Bianchi, Guillaume"]
[Black "Van Bruggen, Hubert"]
[Result "1-0"]
[WhiteElo "2109"]
[BlackElo "1672"]
[PlyCount "92"]
[EventDate "2022.??.??"]

1. d4 {7} Nf6 {17} 2. c4 {18} g6 {11} 3. g3 {18} Bg7 {27} 4. Bg2 {15} O-O {12}
5. Nc3 {17} d6 {42} 6. Nf3 {16} c6 {167} 7. O-O {95} Nbd7 {400} 8. e4 {74} e5 {
39} 9. Be3 {205} Re8 {177} 10. h3 Nf8 {260} 11. Qc2 Qc7 {546} 12. Rac1 exd4 13.
Nxd4 Ne6 {629} 14. Nde2 Bd7 {604} 15. Rfd1 Rad8 {452} 16. Rd2 Qb8 {485} 17.
Rcd1 Bc8 {133} 18. b4 Rd7 {618} 19. Nf4 Red8 {465} 20. Qb3 Nf8 {984} 21. Kh2 b6
{864} 22. Kg1 Bb7 {175} 23. b5 Qa8 {863} 24. bxc6 Bxc6 {148} 25. f3 {43} Ne6 {
496} 26. Nfd5 {270} Nc5 {234} 27. Qa3 {458} h6 28. Nxf6+ Bxf6 29. Bxh6 {33} Kh7
{28} 30. Bf4 {29} Be5 {130} 31. Ne2 {15} f5 {85} 32. exf5 gxf5 33. Bxe5 {4}
dxe5 {10} 34. Rxd7+ {46} Rxd7 {7} 35. Rxd7+ {9} Bxd7 {64} 36. Qe3 Qb8 {136} 37.
Nc3 {114} Be6 {115} 38. Bf1 {162} e4 {427} 39. fxe4 {247} Qe5 {196} 40. Kh2
fxe4 {222} 41. Be2 a6 {108} 42. Kg2 Qf5 {406} 43. Bg4 Qe5 {228} 44. Bxe6 Qxe6 {
183} 45. Nd5 Qe5 {341} 46. Qc3 Qxc3 {206} 1-0

[Event "Championnat de France 2022"]
[Site "ALBI, France"]
[Date "2022.08.13"]
[Round "1.5"]
[White "Vandomel, Fabrice"]
[Black "Moingt, Jean-Claude"]
[Result "0-1"]
[WhiteElo "1672"]
[BlackElo "2105"]
[PlyCount "78"]
[EventDate "2022.??.??"]

1. b3 {10} d6 {38} 2. Bb2 {132} Nd7 {19} 3. e3 {223} Ngf6 {27} 4. d4 {238} g6 {
77} 5. Nf3 {121} Bg7 {17} 6. Be2 {174} O-O {30} 7. c4 {86} e5 {318} 8. dxe5 {
225} Ng4 {337} 9. Nc3 {147} dxe5 {601} 10. Qc2 {365} f5 {986} 11. h3 {824} Nh6
{45} 12. e4 {108} c6 {150} 13. Rd1 {128} Qe7 {137} 14. O-O {329} f4 {71} 15.
Qc1 {356} Re8 {700} 16. Ba3 {105} Qf6 {73} 17. Rd6 {210} Re6 {8} 18. Rfd1 {54}
Nf8 {33} 19. c5 {135} Nf7 {281} 20. R6d2 {261} Re8 {92} 21. Bc4 {202} Ne6 {25}
22. Bxe6 {309} Bxe6 {28} 23. Rd3 {411} g5 {173} 24. Nh2 {177} h5 {10} 25. f3 {
122} Bh6 {532} 26. Qc2 {79} Kh8 {231} 27. Qe2 {122} Rg8 {32} 28. Kh1 {88} Rg7 {
163} 29. Nb1 {175} Rag8 {23} 30. Nd2 {14} Rh7 {303} 31. Nc4 {142} g4 {186} 32.
fxg4 {96} hxg4 {5} 33. Nxg4 {66} Bxg4 {19} 34. hxg4 {14} Ng5 {5} 35. Nxe5 {46}
Bg7+ {5} 36. Kg1 {52} Qxe5 {7} 37. Rd8 {38} Bf6 {430} 38. R8d6 {58} Nxe4 {182}
39. Rxf6 {76} Rh1+ {3} 0-1

[Event "Championnat de France 2022"]
[Site "ALBI, France"]
[Date "2022.08.14"]
[Round "2.2"]
[White "Prie, Eric"]
[Black "Budin, Florent"]
[Result "1-0"]
[WhiteElo "2377"]
[BlackElo "1802"]
[PlyCount "75"]
[EventDate "2022.??.??"]

1. d4 {13} e6 {29} 2. Nf3 {8} d5 {70} 3. Bf4 {248} f5 {172} 4. e3 {10} Nf6 {18}
5. c4 {6} c6 {64} 6. Nc3 {6} Be7 {47} 7. h3 {11} O-O {389} 8. Bd3 {88} Ne4 {260
} 9. O-O {235} b6 {418} 10. Ne5 {294} Bb7 {207} 11. Ne2 {434} Nd7 {186} 12. Rc1
{77} Rc8 {104} 13. cxd5 {1238} exd5 {196} 14. Qa4 {417} Nxe5 {56} 15. Bxe5 {14}
a5 {37} 16. Nf4 {52} b5 {173} 17. Qc2 {398} Qd7 {540} 18. f3 {64} Nd6 {206} 19.
g4 {79} g6 {174} 20. b3 {102} Rf7 {231} 21. a4 {248} b4 {312} 22. Qg2 {13} fxg4
{404} 23. hxg4 {47} Bf6 {31} 24. Be2 {377} Re8 {571} 25. Nd3 {23} Qe7 {220} 26.
Qg3 {267} Rd8 {283} 27. Kg2 {51} Bg5 {80} 28. f4 {671} Ne4 {40} 29. Qh2 {22}
Bf6 {32} 30. Bxf6 {54} Nxf6 {80} 31. Ne5 {15} Rff8 {84} 32. g5 {195} Ne4 {117}
33. Bd3 {47} Nxg5 {214} 34. fxg5 {9} Qxg5+ {6} 35. Qg3 {7} Qxg3+ {151} 36. Kxg3
{10} Rxf1 {32} 37. Bxf1 {7} Rd6 {38} 38. Rc5 {169} 1-0

[Event "Championnat de France 2022"]
[Site "ALBI, France"]
[Date "2022.08.14"]
[Round "2.2"]
[White "Hadamard, Olivier"]
[Black "Goldenberg, Richard"]
[Result "0-1"]
[WhiteElo "1796"]
[BlackElo "2195"]
[PlyCount "80"]
[EventDate "2022.??.??"]

1. d4 {3} g6 {24} 2. c4 {22} Bg7 {5} 3. e4 {29} d6 {249} 4. Nc3 {120} e5 {355}
5. d5 {227} a5 {86} 6. Bd3 {103} Na6 {51} 7. Nge2 {120} Nc5 {63} 8. Bc2 {18} h5
{190} 9. Be3 {533} b6 {424} 10. Qd2 {954} Nh6 {75} 11. f3 {154} Bd7 {664} 12.
Nb5 {490} f5 {622} 13. Bg5 {221} Qc8 {120} 14. h3 {533} Nf7 {483} 15. Be3 {312}
f4 {727} 16. Bf2 {5} Bf6 {60} 17. h4 {228} g5 {268} 18. hxg5 {53} Bxg5 {19} 19.
O-O-O {169} Bxb5 {304} 20. cxb5 {7} Qd7 {4} 21. a4 {141} O-O-O {93} 22. Rh2 {
113} Rdg8 {68} 23. Rdh1 {42} h4 {63} 24. b4 {160} axb4 {24} 25. Qxb4 {20} Kb7 {
6} 26. Kd2 {101} Qe7 {52} 27. Nc3 {178} Ra8 {8} 28. Ra1 {65} Qd7 {253} 29. Qc4
{88} h3 {78} 30. a5 {445} hxg2 {70} 31. a6+ {104} Ka7 {121} 32. Rxg2 {129} Qh3
{174} 33. Rag1 {35} Qxf3 {279} 34. Bd1 {35} Qh3 {73} 35. Na4 {140} Bh6 {92} 36.
Nxc5 {31} f3+ {69} 37. Kc2 {47} fxg2 {115} 38. Na4 {111} Rac8 {13} 39. Qc6 {42}
Nd8 {12} 40. Bxb6+ {83} cxb6 {13} 0-1

[Event "Championnat de France 2022"]
[Site "ALBI, France"]
[Date "2022.08.14"]
[Round "2.3"]
[White "Vial, Patrick"]
[Black "Simon, Christian"]
[Result "1-0"]
[WhiteElo "2110"]
[BlackElo "1786"]
[PlyCount "49"]
[EventDate "2022.??.??"]

1. e4 {1} c5 {7} 2. Nc3 {6} Nc6 {14} 3. f4 {11} g6 {26} 4. Nf3 {10} Bg7 {20} 5.
Bb5 {45} a6 {50} 6. Bxc6 {8} bxc6 {19} 7. O-O {79} e6 {83} 8. d3 {62} d5 {11}
9. e5 {20} Ne7 {17} 10. Na4 {238} O-O {677} 11. Nxc5 {322} d4 {394} 12. Qe1 {
901} Qb6 {230} 13. Na4 {90} Qa7 {51} 14. b3 {176} Rd8 {35} 15. Ba3 {151} Nf5 {
131} 16. Bc5 {117} Qb7 {39} 17. Nb6 {351} Rb8 {106} 18. Nc4 {6} Bf8 {27} 19.
Bxf8 {28} Kxf8 {22} 20. g4 {19} Ng7 {292} 21. Qh4 {115} Qd7 {116} 22. Qxh7 {33}
Ne8 {6} 23. Ng5 {245} Rb7 {89} 24. Qh8+ {149} Ke7 {26} 25. Nh7 {140} 1-0

[Event "Championnat de France 2022"]
[Site "ALBI, France"]
[Date "2022.08.14"]
[Round "2.4"]
[White "Beaufils, Philippe"]
[Black "Bianchi, Guillaume"]
[Result "0-1"]
[WhiteElo "1784"]
[BlackElo "2109"]
[PlyCount "56"]
[EventDate "2022.??.??"]

1. e4 {21} c5 {16} 2. Nc3 {18} d6 {30} 3. g3 {20} g6 {60} 4. Bg2 {7} Bg7 {15}
5. d3 {60} Nc6 {54} 6. Be3 {24} Rb8 {138} 7. Qd2 {164} b5 {76} 8. f4 {56} b4 {
100} 9. Nd1 {8} e5 {692} 10. Ne2 {532} Nf6 {546} 11. h3 Nh5 {598} 12. f5 Nd4 {
469} 13. Bxd4 cxd4 {598} 14. Nf2 O-O {897} 15. g4 Nf4 {115} 16. Nxf4 Bh6 17. h4
{329} Bxf4 {47} 18. Qe2 {10} Rb6 {287} 19. g5 {251} gxf5 {811} 20. exf5 {225}
Bxf5 {71} 21. Be4 {10} Bxe4 {161} 22. Nxe4 {20} d5 {132} 23. Nf6+ {32} Rxf6 {8}
24. gxf6 {52} Qxf6 {160} 25. Qg4+ {41} Kh8 {18} 26. Rg1 {148} Re8 {227} 27. Kd1
Be3 {207} 28. Re1 {26} Rg8 {2} 0-1

[Event "Championnat de France 2022"]
[Site "ALBI, France"]
[Date "2022.08.14"]
[Round "2.5"]
[White "Moingt, Jean-Claude"]
[Black "Pascot, Jean"]
[Result "1-0"]
[WhiteElo "2105"]
[BlackElo "1776"]
[PlyCount "61"]
[EventDate "2022.??.??"]

1. e4 {10} c5 {43} 2. Nf3 {15} d6 {27} 3. c3 {91} d5 {304} 4. exd5 {147} Qxd5 {
26} 5. d4 {28} Bg4 {476} 6. Be2 {22} Nf6 {118} 7. h3 {383} Bf5 {318} 8. Be3 {
311} Nbd7 {466} 9. c4 {535} Qc6 {230} 10. Nc3 {468} e6 {68} 11. O-O {336} Rd8 {
76} 12. d5 {530} Qb6 {82} 13. Nh4 {108} Qxb2 {73} 14. Nxf5 {6} Qxc3 {115} 15.
dxe6 {41} fxe6 {576} 16. Nd6+ {73} Bxd6 {20} 17. Qxd6 {2} Kf7 {287} 18. Bxc5 {
449} Rhe8 {81} 19. Be3 {1076} Ne5 {146} 20. Qc5 {11} b6 {619} 21. Qb5 {7} Nd3 {
383} 22. a4 {90} Ne4 {164} 23. Bxd3 {85} Rxd3 {40} 24. Qh5+ {92} Kf8 {82} 25.
Rac1 {165} Qa3 {97} 26. Qxh7 {69} Nf6 {47} 27. Qg6 {22} Rc8 {173} 28. Bh6 {56}
Ne8 {108} 29. Qxe6 {110} Qc5 {61} 30. Be3 {29} Rc6 {35} 31. Bxc5+ {4} 1-0

[Event "Championnat de France 2022"]
[Site "ALBI, France"]
[Date "2022.08.15"]
[Round "3.1"]
[White "Bonnafous, Michel"]
[Black "Prie, Eric"]
[Result "0-1"]
[WhiteElo "1899"]
[BlackElo "2377"]
[PlyCount "66"]
[EventDate "2022.??.??"]

1. e4 d5 {60} 2. exd5 {14} Qxd5 {10} 3. Nc3 {6} Qa5 {13} 4. d4 {12} Nf6 {9} 5.
Nf3 {9} Bf5 {9} 6. Bc4 {35} e6 {16} 7. Bd2 {18} c6 {11} 8. O-O {77} Bb4 {8} 9.
a3 {21} Bxc3 {9} 10. Bxc3 {6} Qc7 {13} 11. Re1 {229} O-O {111} 12. b4 {57} Nbd7
{291} 13. Bb2 {190} b5 {658} 14. Bf1 {194} Nb6 {54} 15. Rc1 {204} a5 {138} 16.
c4 {404} Nxc4 {24} 17. Bxc4 {6} bxc4 {8} 18. Rxc4 {4} axb4 {149} 19. axb4 {12}
Be4 {13} 20. Ne5 {752} Qb7 {162} 21. Qc1 {244} Bd5 {350} 22. Rc3 {66} Ne4 {339}
23. Rh3 {303} Qxb4 {331} 24. f3 {298} Nd6 {686} 25. Bc3 {1014} Qb3 {768} 26.
Nd7 {527} Rfd8 {16} 27. Nc5 {75} Qc4 {73} 28. Ba1 {750} Qxc1 {294} 29. Rxc1 {2}
Ra2 {9} 30. Nd3 {389} Rda8 {141} 31. Bc3 {118} Nb5 {48} 32. Bb2 {83} R8a4 {20}
33. Rh4 {68} f6 {231} 0-1

[Event "Championnat de France 2022"]
[Site "ALBI, France"]
[Date "2022.08.15"]
[Round "3.2"]
[White "Goldenberg, Richard"]
[Black "Roques, Pascal"]
[Result "1/2-1/2"]
[WhiteElo "2195"]
[BlackElo "1885"]
[PlyCount "62"]
[EventDate "2022.??.??"]

1. d4 {23} Nf6 {7} 2. Nf3 {19} g6 {114} 3. c4 {69} Bg7 {76} 4. Nc3 {81} d5 {7}
5. cxd5 {27} Nxd5 {10} 6. e4 {6} Nxc3 {4} 7. bxc3 {5} c5 {15} 8. Be3 {21} O-O {
223} 9. Qd2 {103} b6 {147} 10. Rd1 {333} Bg4 {685} 11. Be2 {672} Nd7 {196} 12.
Bh6 {261} Qc7 {514} 13. h4 {421} Nf6 {1101} 14. Bxg7 {1001} Kxg7 {4} 15. e5 {68
} Nd5 {345} 16. h5 {202} gxh5 {282} 17. Qg5+ {368} Kh8 {5} 18. Qh6 {81} f6 {86}
19. Ng5 {1487} fxg5 {549} 20. Bxg4 {15} e6 {133} 21. Bxh5 {288} cxd4 {687} 22.
Bg6 {198} Qxc3+ {16} 23. Kf1 {20} Rxf2+ {10} 24. Kxf2 {31} Qe3+ {5} 25. Kf1 {6}
Qf4+ {5} 26. Kg1 {21} Qe3+ {14} 27. Kf1 {67} Qf4+ {5} 28. Kg1 {7} Qe3+ {5} 29.
Kh2 {112} Qxe5+ {196} 30. Kg1 {52} Qe3+ {22} 31. Kf1 {80} Qf4+ {5} 1/2-1/2

[Event "Championnat de France 2022"]
[Site "ALBI, France"]
[Date "2022.08.15"]
[Round "3.3"]
[White "Germes, Alain"]
[Black "Vial, Patrick"]
[Result "1/2-1/2"]
[WhiteElo "1859"]
[BlackElo "2110"]
[PlyCount "58"]
[EventDate "2022.??.??"]

1. d4 {9} d5 {9} 2. Bf4 {34} e6 {94} 3. e3 {44} c6 {68} 4. Nd2 {302} f5 {41} 5.
Ngf3 {86} Nf6 {17} 6. Be2 {323} Be7 {16} 7. Ne5 {133} O-O {24} 8. O-O {50} Nbd7
{47} 9. c4 {266} Ne4 {380} 10. Nxd7 {213} Bxd7 {111} 11. f3 {320} Nd6 {649} 12.
Bxd6 {267} Bxd6 {9} 13. c5 {15} Bc7 {25} 14. f4 {40} g5 {352} 15. b4 {503} gxf4
{217} 16. exf4 {30} Kh8 {26} 17. Nb3 {175} Qh4 {114} 18. Qe1 {427} Qh6 {9} 19.
Qf2 {14} Rg8 {14} 20. g3 {504} Rg7 {14} 21. Kg2 {599} Rag8 {53} 22. Nc1 {147}
Be8 {1542} 23. Nd3 {70} Bh5 {81} 24. Rfe1 {378} Bg4 {414} 25. Bxg4 {35} Rxg4 {
18} 26. Kf3 {401} Qh5 {932} 27. Ke3 {63} Qg6 {326} 28. Kd2 {180} h5 {49} 29.
Qe3 {99} Bxf4 {450} 1/2-1/2

[Event "Championnat de France 2022"]
[Site "ALBI, France"]
[Date "2022.08.15"]
[Round "3.4"]
[White "Bianchi, Guillaume"]
[Black "Renault, Nicolas"]
[Result "1/2-1/2"]
[WhiteElo "2109"]
[BlackElo "1839"]
[PlyCount "58"]
[EventDate "2022.??.??"]

1. d4 {7} Nf6 {5} 2. Bg5 {29} g6 {4} 3. Bxf6 {34} exf6 {2} 4. e3 {22} d5 {58}
5. g3 {327} c6 {170} 6. Bg2 {92} Bd6 {131} 7. Ne2 {142} Nd7 {239} 8. Nd2 {86}
f5 {59} 9. c4 {318} dxc4 {37} 10. Nxc4 {20} Bc7 {3} 11. O-O {74} O-O {11} 12.
Nc3 {207} Nf6 {211} 13. b4 {404} Be6 {322} 14. Qd3 {84} Nd5 {930} 15. Nxd5 {886
} Bxd5 {28} 16. a4 {127} Bxg2 {230} 17. Kxg2 {67} a5 {298} 18. bxa5 {297} Bxa5
{43} 19. Rfb1 {170} Qe7 {793} 20. Rb3 {259} Rfb8 {907} 21. Rab1 {495} Bd8 {146}
22. Ne5 {275} Qc7 {225} 23. Qc4 {126} Bf6 {164} 24. Nd3 {111} Be7 {506} 25. h3
Bd6 {99} 26. Rb6 Ra7 {508} 27. Qb3 Qe7 {248} 28. Rc1 Bc7 {594} 29. Rb4 Bd6 {77}
1/2-1/2

[Event "Championnat de France 2022"]
[Site "ALBI, France"]
[Date "2022.08.15"]
[Round "3.5"]
[White "Maruejols, Claude"]
[Black "Moingt, Jean-Claude"]
[Result "0-1"]
[WhiteElo "1857"]
[BlackElo "2105"]
[PlyCount "44"]
[EventDate "2022.??.??"]

1. d4 {2} Nf6 {40} 2. c4 {16} c5 {7} 3. d5 {8} b5 {7} 4. cxb5 {9} a6 {7} 5.
bxa6 {11} g6 {7} 6. Nc3 {12} Bg7 {13} 7. e4 {74} O-O {6} 8. Nf3 {103} Qa5 {216}
9. Nd2 {93} Bxa6 {232} 10. Be2 {145} d6 {465} 11. O-O {33} Bxe2 {269} 12. Qxe2
{33} Qa6 {6} 13. Nc4 {534} Nbd7 {48} 14. Rb1 {371} Rfb8 {124} 15. Re1 {419} Ne8
{522} 16. Bg5 {524} Rb4 {34} 17. Nd2 {318} Qxe2 {745} 18. Rxe2 {23} Rab8 {17}
19. e5 {661} Bxe5 {112} 20. Rbe1 {966} Rxb2 {223} 21. Nd1 {240} Rxa2 {42} 22.
Bxe7 {118} Nef6 {666} 0-1

[Event "Championnat de France 2022"]
[Site "ALBI, France"]
[Date "2022.08.16"]
[Round "4.1"]
[White "Prie, Eric"]
[Black "Delmas-Gouyon, Francois"]
[Result "1-0"]
[WhiteElo "2377"]
[BlackElo "1901"]
[PlyCount "55"]
[EventDate "2022.??.??"]

1. d4 {82} d5 {10} 2. Nc3 {61} Bf5 {215} 3. f3 {10} Nf6 {102} 4. g4 {50} Bg6 {
165} 5. h4 {9} h6 {251} 6. Nh3 {255} e6 {311} 7. Nf4 {8} Bh7 {467} 8. Be3 {893}
c5 {496} 9. g5 {101} Nfd7 {434} 10. g6 {163} Bg8 {278} 11. dxc5 {495} Nc6 {207}
12. Bf2 {675} Nxc5 {158} 13. e3 {436} Qa5 {345} 14. Qd2 {494} Bd6 {282} 15.
O-O-O {110} Be5 {245} 16. a3 {288} Bxc3 {805} 17. Qxc3 {9} Qxc3 {4} 18. bxc3 {5
} Na4 {103} 19. c4 {31} Nb6 {346} 20. cxd5 {140} Nxd5 {27} 21. Nxd5 {262} exd5
{2} 22. e4 {494} dxe4 {345} 23. Bh3 {6} Rd8 {147} 24. Rde1 {234} Rd6 {289} 25.
Rxe4+ {28} Kd8 {24} 26. Bg3 {26} f5 {118} 27. Bxf5 {278} Rd5 {8} 28. Bh3 {6}
1-0

[Event "Championnat de France 2022"]
[Site "ALBI, France"]
[Date "2022.08.16"]
[Round "4.2"]
[White "Moingt, Jean-Claude"]
[Black "Kibleur, Christophe"]
[Result "0-1"]
[WhiteElo "2105"]
[BlackElo "1838"]
[PlyCount "74"]
[EventDate "2022.??.??"]

1. e4 {6} c6 {20} 2. Nc3 {23} d5 {32} 3. Nf3 {26} dxe4 {161} 4. Nxe4 {12} Nf6 {
15} 5. Qe2 {94} Nxe4 {50} 6. Qxe4 {69} Nd7 {65} 7. Bc4 {48} Nf6 {30} 8. Ne5 {54
} e6 {27} 9. Qe2 {63} b5 {266} 10. Nxc6 {646} Qc7 {199} 11. Bd3 {18} Nd5 {186}
12. Ne5 {276} a6 {95} 13. c4 {782} Nf4 {144} 14. Qe4 {247} Qxe5 {307} 15. O-O {
7} Qxe4 {716} 16. Bxe4 {1} Ra7 {196} 17. cxb5 {13} axb5 {23} 18. d3 {132} Ne2+
{357} 19. Kh1 {1} Nxc1 {10} 20. Rfxc1 {5} Bd7 {10} 21. a3 {48} Bd6 {268} 22. g3
{24} Ke7 {44} 23. d4 {44} Ra4 {257} 24. Rd1 {61} h5 {160} 25. Rac1 {252} h4 {
156} 26. Kg2 {11} f5 {321} 27. Bf3 {175} h3+ {191} 28. Kf1 {55} g5 {173} 29.
Be2 {397} b4 {391} 30. axb4 {153} Rxb4 {120} 31. Rd2 {7} Rhb8 {249} 32. Rb1 {19
} Bc6 {33} 33. f3 {58} f4 {182} 34. g4 {24} Bd5 {68} 35. Kf2 {88} Rxd4 {46} 36.
Rc2 {138} Rdb4 {142} 37. Bf1 {33} Rb3 {230} 0-1

[Event "Championnat de France 2022"]
[Site "ALBI, France"]
[Date "2022.08.16"]
[Round "4.3"]
[White "Garrel, Alain"]
[Black "Degremont, Patrick"]
[Result "1-0"]
[WhiteElo "1940"]
[BlackElo "1814"]
[PlyCount "47"]
[EventDate "2022.??.??"]

1. d4 {14} e6 {11} 2. c4 {42} d5 {53} 3. cxd5 {16} exd5 {8} 4. Nc3 {6} Nf6 {87}
5. Bg5 {128} c6 {149} 6. Qc2 {110} Be7 {516} 7. e3 {5} Bg4 {232} 8. Bd3 {350}
Bh5 {169} 9. Nge2 {430} Bg6 {212} 10. O-O {310} Nbd7 {95} 11. Ng3 {132} Bxd3 {
437} 12. Qxd3 {25} h6 {49} 13. Bf4 {123} g6 {312} 14. Be5 {796} O-O {877} 15.
f4 {921} Ng4 {290} 16. h3 {262} Ngxe5 {211} 17. fxe5 {120} Kg7 {77} 18. Nce2 {
167} Bg5 {380} 19. Nf4 {109} Bxf4 {14} 20. Rxf4 {151} f5 {415} 21. Raf1 {343}
Qe8 {391} 22. h4 {295} Nxe5 {573} 23. dxe5 {31} Qxe5 {2} 24. h5 {129} 1-0

[Event "Championnat de France 2022"]
[Site "ALBI, France"]
[Date "2022.08.16"]
[Round "4.5"]
[White "Vial, Patrick"]
[Black "Hileyan, Michel"]
[Result "0-1"]
[WhiteElo "2110"]
[BlackElo "1813"]
[PlyCount "62"]
[EventDate "2022.??.??"]

1. e4 {3} d5 {6} 2. exd5 {10} Qxd5 {45} 3. Nf3 {12} Bg4 {33} 4. Be2 {7} Nc6 {11
} 5. Nc3 {13} Qh5 {22} 6. d3 {130} O-O-O {7} 7. Be3 {225} e5 {18} 8. Ne4 {1044}
f5 {220} 9. Ng3 {14} Qe8 {58} 10. Bg5 {784} Be7 {122} 11. Bxe7 {21} Ngxe7 {2}
12. Qc1 {65} e4 {698} 13. dxe4 {89} fxe4 {8} 14. Ng1 {536} Bxe2 {257} 15. N1xe2
{9} Nd5 {33} 16. O-O {209} h5 {90} 17. Nf4 {329} h4 {96} 18. Nge2 {33} h3 {557}
19. g3 {693} Nf6 {126} 20. Rd1 {239} g5 {159} 21. Rxd8+ {7} Nxd8 {22} 22. Qe3 {
450} gxf4 {316} 23. Qxa7 {27} Nc6 {39} 24. Qa8+ {10} Nb8 {2} 25. Nxf4 {30} e3 {
43} 26. Re1 {16} exf2+ {4} 27. Kxf2 {6} Ng4+ {97} 28. Kf1 Nxh2+ {66} 29. Kf2 {2
} Ng4+ {8} 30. Kf1 Qc6 {64} 31. Re6 {129} Qf3+ {45} 0-1